[Event "Moscow Rapid-ch 2018"]
[Site "Moscow"]
[Date "2018.12.08"]
[Round "4"]
[White "Gareyev, Timur"]
[Black "Gorbatov, Alexej"]
[Result "1-0"]
[WhiteElo "2569"]
[BlackElo "2389"]
[Annotator "TA"]
[PlyCount "73"]
[EventDate "2018.12.08"]
[EventType "swiss"]
[EventCountry "RUS"]
[SourceTitle "playchess.com"]
[Source "ChessBase"]
[SourceQuality "1"]

{[%evp 19,72,43,33,31,31,19,19,24,26,26,61,52,92,102,157,66,236,221,358,339,343,332,512,508,490,450,563,531,462,472,440,277,286,162,190,155,193,173,359,352,360,356,366,370,343,344,656,656,2027,1785,1914,1953,29998,29999,29999]} 1. d4 e6 2. c4 b6 3. Nf3 Bb7 4. g3 Nf6 5. Bg2 Be7 6. O-O O-O 7. Bf4 Nh5 8. Bd2 Nf6 9. Nc3 Ne4 {E16: Queen's Indian: 4 g3 Bb7 5 Bg2 Bb4+} (9... Na6 10. Rc1 Re8 11. Bf4 Ne4 12. Nxe4 Bxe4 13. Qa4 Qc8 14. Rfd1 c5 15. d5 Bf6 16. dxe6 dxe6 17. Ne5 Bxg2 18. Kxg2 Nb4 19. Kg1 Bxe5 20. Bxe5 Nc6 21. Bc3 Qc7 {½-½ (20) Kuzubov,Y (2699)-Rapport,R (2707) Riadh 2017}) 10. d5 Nxd2 {LiveBook: 5 Games} 11. Nxd2 {Threatens to win with d6!} Qc8 {White is slightly better.} 12. Rc1 e5 13. f4 $146 ({Predecessor:} 13. Nde4 d6 14. f4 f5 15. Ng5 Bxg5 16. fxg5 Qd8 17. h4 {1-0 (36) Ringwelski,M (1995)-Gscheidmeyer,H (2137) Germany 2010}) 13... exf4 14. gxf4 Bc5+ 15. Kh1 Be3 16. Rf3 $36 {[%mdl 2048] White is on the roll.} Re8 ({Black should play} 16... Qe8) 17. Rc2 (17. Ra1 $16) 17... f5 $2 {[#]} ({Black should try} 17... Bxd2 $1 $14 18. Rxd2 (18. Qxd2 Qd8 $14) 18... Qd8) 18. Nde4 $1 {[%mdl 512]} Bc5 (18... fxe4 $142 19. Rxe3 Re7) (18... Rxe4 19. Nxe4) 19. Nxc5 $18 bxc5 20. Bh3 Rf8 (20... a5 $142 21. Bxf5 Ra6) 21. e4 fxe4 22. Nxe4 Na6 23. a3 Qe8 24. Re2 Qh5 25. Kg2 Rae8 {And now ...Rxe4! would win.} 26. Ng3 (26. f5 $142) 26... Qf7 27. Qd3 Bc8 28. Ne4 h6 $2 (28... Nb8 {keeps fighting.} 29. Nxc5 Na6) 29. f5 {[%cal Bf4f5,Bf5f6][%mdl 32]} d6 30. f6 Bxh3+ 31. Rxh3 Nb8 {and the idea ...Nd7 leaves Black hopeful.} 32. Rg3 g6 $2 (32... Rxe4 33. Qxe4 (33. Rxg7+ Qxg7+ 34. fxg7 Rg4+ 35. Kh3 Rxg7 $16) 33... Qxf6 34. Qe6+ Qxe6 35. Rxe6 (35. dxe6 Nc6 $16) 35... Nd7 36. Rxh6 Ne5) 33. Rf2 {Nxd6! would kill now.} Nd7 {[#]} 34. Nxd6 $1 {[%mdl 576] Double Attack} Ne5 (34... cxd6 35. Rxg6+) 35. Nxf7 Nxd3 36. Rxg6+ {[%mdl 64] Double Attack} Kxf7 37. Rg7# {Accuracy: White = 75%, Black = 35%.} 1-0

[Event "Moscow Rapid-ch 2018"]
[Site "Moscow"]
[Date "2018.12.08"]
[Round "4"]
[White "Kosteniuk, Alexandra"]
[Black "Tsvetkov, Andrey"]
[Result "1-0"]
[WhiteElo "2537"]
[BlackElo "2338"]
[Annotator "TA"]
[PlyCount "75"]
[EventDate "2018.12.08"]
[EventType "swiss"]
[EventCountry "RUS"]
[SourceTitle "playchess.com"]
[Source "ChessBase"]
[SourceQuality "1"]

{[%evp 23,75,0,0,-53,-54,-38,20,6,27,-17,39,-4,20,0,28,23,25,27,114,63,104,108,157,154,154,148,156,150,164,140,144,8,7,0,0,0,27,29,15,14,344,337,328,320,256,0,216,216,29990,29991,29992,29992,29993,-1211]} 1. e4 c5 2. Nf3 d6 3. Bb5+ Nd7 4. c3 Ngf6 5. Qe2 a6 6. Ba4 b5 7. Bc2 e5 8. a4 {B51: Sicilian: Moscow Variation (3 Bb5+) without 3...Bd7} Bb7 9. O-O Be7 10. d4 O-O 11. d5 c4 12. Be3 Ng4 {LiveBook: 3 Games} 13. Na3 (13. Bc1 $11) 13... Nxe3 $15 14. Qxe3 Qa5 $146 (14... Nc5 $15) ({Predecessor:} 14... Nc5 15. Rab1 Qd7 16. Nd2 h6 17. Qe2 f5 18. exf5 Bxd5 19. axb5 axb5 {½-½ (40) Sandipan,C (2593)-Arun Prasad,S (2423) Ooty 2008}) 15. Nd2 Rfc8 16. Qh3 Nf8 ({Better is} 16... Nc5 $11) 17. g3 Qb6 18. Qg4 Rc7 19. Qe2 Nd7 20. Rfb1 Rac8 (20... Bg5 $11 {keeps the balance.}) 21. Bd1 (21. b3 $16) 21... Bg5 22. Nf3 Be7 23. axb5 axb5 24. b3 $1 cxb3 25. Nxb5 Rc5 26. Rxb3 {And now Na7 would win.} Ba6 {[%cal Rc5b5] [#]} 27. Rab1 (27. Nxd6 $1 $16 {[%mdl 512]} Bxe2 (27... Qxd6 28. Rxa6) 28. Rxb6 (28. Nxc8 Qxb3 29. Nxe7+ Kf8 $16) 28... Bxd6 29. Rxd6 Bxf3 30. Bxf3) 27... Qa5 $11 28. Kg2 Bxb5 29. Rxb5 Qxc3 30. Rb7 $36 {[%mdl 2048] White has some pressure.} R5c7 31. Ba4 Nc5 $2 {[%mdl 8192]} (31... Nf6 $1 $11) 32. Rxc7 $18 Rxc7 33. Rb8+ Bf8 34. Bc6 $2 (34. Qb5 $1 $18 {Intending Rxf8+! and mate.} Nd7 35. Rd8) 34... Nd3 $2 {[#]} (34... g6 $1 $11 {and Black has nothing to worry.}) 35. Qa2 $1 {[%cal Ra2a8]} Nb4 $2 (35... g6 $18 36. Qb1 (36. Qa8 Qc2 $11) 36... Nxf2) 36. Qa8 {[%csl Ga8][%cal Rb8f8] White mates.} h6 37. Rxf8+ Kh7 38. Qa2 $4 {[%mdl 40960] Accuracy: White = 43%, Black = 17%. . Loss on time!?} (38. Nh4 Qxg3+ 39. fxg3 g6 40. Rh8+ Kg7 {[#]} 41. Nf5+ $1 {[%mdl 512]} gxf5 42. Qg8+ Kf6 43. Rxh6+ Ke7 44. Qe8#) 1-0

[Event "Moscow Rapid-ch 2018"]
[Site "Moscow"]
[Date "2018.12.08"]
[Round "4"]
[White "Sychev, Klementy"]
[Black "Naumkin, Igor"]
[Result "1-0"]
[WhiteElo "2537"]
[BlackElo "2410"]
[Annotator "TA"]
[PlyCount "85"]
[EventDate "2018.12.08"]
[EventType "swiss"]
[EventCountry "RUS"]
[SourceTitle "playchess.com"]
[Source "ChessBase"]
[SourceQuality "1"]

{[%evp 21,85,20,22,-17,5,-13,-2,-58,-58,-79,-71,-73,-58,-57,-35,-49,109,89,99,0,38,-83,-63,-64,102,65,108,0,0,-337,-356,-845,-867,-911,0,16,75,60,72,-243,-256,-237,159,32,43,25,302,126,117,32,78,8,5,-78,276,179,183,176,176,165,160,167,540,547,733,741]} 1. Nf3 Nf6 2. c4 e6 3. g3 d5 4. Bg2 d4 5. O-O c5 6. e3 Nc6 7. exd4 cxd4 8. d3 Be7 {A13: English Opening: 1...e6} (8... Bd6 9. Na3 O-O 10. Nc2 e5 11. b4 Re8 12. b5 Nb8 13. Bg5 Nbd7 14. Nd2 Qc7 15. f4 exf4 16. Bxf4 {1-0 (28) Adhiban,B (2682)-Cheparinov,I (2711) Zagreb 2018}) 9. Re1 O-O 10. Na3 Re8 11. Nc2 a5 {LiveBook: 12 Games} 12. Na3 Bb4 $146 13. Re2 e5 14. Nb5 (14. Bg5 $11) 14... h6 $15 15. b3 Bg4 16. a3 Bc5 17. h3 Bh5 18. g4 Nxg4 $2 (18... Bg6 $15 {keeps the upper hand.}) 19. hxg4 $16 Bxg4 20. Re4 (20. Nh2 $16 Bxe2 21. Qxe2) 20... Bh5 $1 $14 21. Qf1 (21. Qd2 $14) 21... f5 $36 {[%mdl 3072] Black has strong compensation. Black is pushing.} 22. Re1 Re6 $2 (22... e4 $1 $15 23. Nd2 e3) 23. Nh2 $1 $16 Rg6 24. Kh1 ({White should try} 24. f4 $1 $16) 24... Qh4 $11 {Hoping for ...e4!} 25. Bd2 $2 {[%mdl 8192] [#]} (25. f4 $1 $11 {and White is okay.}) 25... e4 $1 $19 {[%mdl 512]} 26. dxe4 $2 (26. f4 e3 27. Bc1) 26... Ne5 27. f3 Rf8 $2 (27... Rg3 $19 28. Nc7 Nxf3 $1 {[%mdl 512]}) 28. exf5 $1 $11 (28. Bxa5 $2 d3 $19) 28... Rxf5 (28... Rxg2 $11 29. Qxg2 (29. Kxg2 $2 Bxf3+ 30. Nxf3 Qg4+ 31. Kh1 Nxf3 $19) 29... Bxf3 30. Rxe5 Bxg2+ 31. Kxg2 b6) 29. Re4 $16 Qf6 $1 {[%cal Rh5f3]} 30. f4 $2 {[%mdl 8192]} (30. Nxd4 $2 Bxd4 31. Rxd4 Bxf3 $19) (30. Bxa5 $2 Bxf3 31. Bxf3 Nxf3 $19) (30. Rxe5 $1 $16 {is necessary to keep the advantage.} Rxe5 31. b4) 30... Ng4 $1 $19 31. Nf3 {[%cal Rb5d4]} (31. Bxa5 $2 Qh4 $19) 31... d3 $2 (31... Ne3 $19 32. Bxe3 dxe3) 32. Bc3 (32. Nbd4 $16) 32... Qd8 $1 $14 {...Nf2+ is the strong threat.} 33. Nbd4 {Strongly threatening Qe1.} Rf7 $2 {[%mdl 8192]} (33... Nf6 $11 {and Black has nothing to worry.} 34. Re8+ (34. Nxf5 Nxe4 35. Qe1 Nf2+ 36. Kh2 d2 $11) (34. Re5 Rxe5 35. Nxe5 Ne4 $19) 34... Qxe8 35. Nxf5 Qd7) 34. Rd1 (34. Ra2 $18 {has better winning chances.}) 34... Nf6 $16 {[#]} 35. Re5 (35. Qxd3 $2 Bxf3 36. Qxf3 Nxe4 $19) (35. Re3 $1 $16 Bxf3 36. Rxf3 (36. Qxf3 Ng4 $11)) 35... Bxd4 $1 $14 36. Rxd3 ({Of course not} 36. Qxd3 Bxf3 37. Qxf3 (37. Bxf3 Ne4 $17) 37... Rd7 $11) (36. Bxd4 $16 Bxf3 37. Qxf3 Qxd4 38. Rxd3) 36... Bxf3 $1 $11 37. Qxf3 (37. Rxd4 $11 {keeps the balance.} Bxg2+ 38. Qxg2 Qxd4 39. Bxd4 Rxg2 40. Kxg2) 37... Nd7 $2 {[%mdl 8192]} (37... Rd7 $17 {and life is bright.} 38. Rxd4 Rxd4 39. Bxd4 Qxd4) 38. Rxd4 Qh4+ 39. Qh3 Qxh3+ 40. Bxh3 Nxe5 {[#]} 41. Rd8+ $1 ({But not} 41. fxe5 $2 Rf3 $19) 41... Kh7 $2 (41... Rf8 {is more resistant.} 42. Rxf8+ Kxf8 43. Bxe5 Rg3) 42. Bxe5 $18 Rg3 43. Be6 {Precision: White = 20%, Black = 28%.} 1-0

[Event "Moscow Rapid-ch 2018"]
[Site "Moscow"]
[Date "2018.12.08"]
[Round "4"]
[White "Zakhartsov, Vladimir"]
[Black "Shinkevich, Vitaly"]
[Result "0-1"]
[WhiteElo "2486"]
[BlackElo "2439"]
[Annotator "TA"]
[PlyCount "52"]
[EventDate "2018.12.08"]
[EventType "swiss"]
[EventCountry "RUS"]
[SourceTitle "playchess.com"]
[Source "ChessBase"]
[SourceQuality "1"]

{[%evp 11,52,15,22,0,-8,-7,11,11,25,1,13,-8,-8,-7,4,3,8,11,0,15,196,197,330,318,769,764,860,654,669,677,679,675,700,696,791,803,796,782,871,860,921,830,1019]} 1. c4 c5 2. Nc3 g6 3. d4 cxd4 4. Qxd4 Nf6 5. e4 Nc6 6. Qd2 {A34: Symmetrical English: 2 Nc3, lines with ...d5} (6. Qe3 d6 7. Be2 Bg7 8. Nf3 Bg4 9. O-O O-O 10. Rb1 Qb6 11. Rd1 {½-½ (30) Shankland,S (2671)-Xiong,J (2665) Saint Louis 2018}) 6... Bg7 {LiveBook: 4 Games} 7. Bd3 O-O $146 ({Predecessor:} 7... Ne5 8. Nge2 d6 9. O-O O-O 10. b3 Bd7 {0-1 (41) Blazi,J (2260)-Oechslein,R (2220) Bayern 1995}) 8. Nge2 {The position is equal.} d6 9. b3 Nd7 10. Bb2 Nc5 11. Bb1 a6 12. O-O Qa5 13. Qc1 b5 14. Nd5 $1 {Strongly threatening Bxg7.} Bxb2 15. Qxb2 {Hoping for Nd4.} Ra7 $2 {[#]} (15... Qd8 $11 {and Black stays safe.}) 16. Nd4 $1 $18 {[%cal Rd4c6][%mdl 64] Overworked Piece} Nxd4 (16... Nb8 $142 17. cxb5 Qd8) 17. b4 {[%cal Bb3b4,Bb4a5][%mdl 32]} ({Not} 17. Qxd4 Rb7 $14) 17... e5 $2 (17... Qa4 18. Qxd4 {[%mdl 64] Pin} Qa3 19. bxc5 dxc5) 18. bxa5 {White is clearly winning.} bxc4 19. Kh1 Rb7 20. Qc3 Be6 21. Bc2 f5 22. Rad1 Nxc2 23. Qxc2 fxe4 24. Qxc4 Rb2 25. Kg1 Rf7 26. Qc3 Rbb7 {[%mdl 32768] Accuracy: White = 77%, Black = 26%. . Loss on time!?} 0-1

[Event "Moscow Rapid-ch 2018"]
[Site "Moscow"]
[Date "2018.12.08"]
[Round "4"]
[White "Yeletsky, Ivan"]
[Black "Usov, Aleksandr E."]
[Result "1-0"]
[WhiteElo "2406"]
[BlackElo "1593"]
[Annotator "NA"]
[PlyCount "93"]
[EventDate "2018.12.08"]
[EventType "swiss"]
[EventCountry "RUS"]
[SourceTitle "playchess.com"]
[Source "ChessBase"]
[SourceQuality "1"]
[TimeControl "900+10"]

1. d4 {[%emt 0:00:00]} c6 {[%emt 0:00:00]} 2. c4 {[%emt 0:00:00]} d5 {[%emt 0:00:00]} 3. Nf3 {[%emt 0:00:02]} Nf6 {[%emt 0:00:00]} 4. e3 {[%emt 0:00:07]} Bg4 {[%emt 0:00:01]} 5. Nc3 {[%emt 0:00:03]} e6 {[%emt 0:00:01]} 6. Qb3 {[%emt 0:00:21]} Qc8 {[%emt 0:00:30]} 7. Nh4 {[%emt 0:00:05]} g5 {[%emt 0:00:14]} 8. Nf3 {[%emt 0:00:12]} Bxf3 9. gxf3 {[%emt 0:00:02]} Nbd7 {[%emt 0:00:18]} 10. e4 {[%emt 0:00:50]} c5 {[%emt 0:02:59]} 11. cxd5 {[%emt 0:00:06]} cxd4 {[%emt 0:00:08]} 12. dxe6 {[%emt 0:00:03]} Nc5 {[%emt 0:05:19]} 13. Qb5+ {[%emt 0:00:02]} Qc6 {[%emt 0:01:28]} 14. Bxg5 {[%emt 0:00:49]} Bg7 {[%emt 0:00:45]} 15. Nd5 {[%emt 0:00:30]} Nfxe4 {[%emt 0:01:55]} 16. Qxc6+ {[%emt 0:00:29]} bxc6 {[%emt 0:00:13]} 17. Nc7+ {[%emt 0:00:03]} Kf8 {[%emt 0:00:02]} 18. e7+ {[%emt 0:00:02]} Kg8 {[%emt 0:00:01]} 19. fxe4 {[%emt 0:00:11]} Rc8 {[%emt 0:00:06]} 20. e8=Q+ {[%emt 0:00:34]} Rxe8 {[%emt 0:00:03]} 21. Nxe8 {[%emt 0:00:01]} d3 {[%emt 0:00:07]} 22. Nxg7 {[%emt 0:00:08]} Kxg7 {[%emt 0:00:03]} 23. Be3 {[%emt 0:00:09]} Nxe4 {[%emt 0:00:04]} 24. Bxd3 Nd6 25. Rg1+ {[%emt 0:00:19]} Kf8 {[%emt 0:00:15]} 26. Bd4 {[%emt 0:00:10]} Rg8 {[%emt 0:00:04]} 27. Rxg8+ {[%emt 0:00:03]} Kxg8 {[%emt 0:00:01]} 28. Bxa7 {[%emt 0:00:04]} c5 {[%emt 0:00:01]} 29. Bxc5 {[%emt 0:00:01]} Ne8 {[%emt 0:00:03]} 30. Ke2 {[%emt 0:00:04]} f5 {[%emt 0:00:01]} 31. a4 {[%emt 0:00:03]} f4 {[%emt 0:00:00]} 32. f3 {[%emt 0:00:02]} h5 {[%emt 0:00:01]} 33. h4 {[%emt 0:00:03]} Nf6 {[%emt 0:00:02]} 34. Bc4+ {[%emt 0:00:02]} Kh7 {[%emt 0:00:02]} 35. a5 {[%emt 0:00:02]} Nd7 {[%emt 0:00:02]} 36. Bd4 {[%emt 0:00:03]} Nf8 {[%emt 0:00:02]} 37. Kd3 {[%emt 0:00:04]} Ng6 {[%emt 0:00:02]} 38. Ke4 {[%emt 0:00:02]} Ne7 {[%emt 0:00:03]} 39. a6 {[%emt 0:00:01]} Nc8 {[%emt 0:00:06]} 40. Ke5 {[%emt 0:00:05]} Ne7 {[%emt 0:00:02]} 41. Kf6 {[%emt 0:00:04]} Ng8+ {[%emt 0:00:05]} 42. Bxg8+ {[%emt 0:00:02]} Kh6 {[%emt 0:00:01]} 43. Bh7 {[%emt 0:00:06]} Kxh7 {[%emt 0:00:04]} 44. a7 {[%emt 0:00:02]} Kh6 {[%emt 0:00:03]} 45. Kf7 {[%emt 0:00:07]} Kh7 {[%emt 0:00:01]} 46. a8=R {[%emt 0:00:03]} Kh6 {[%emt 0:00:02]} 47. Rh8# {[%emt 0:00:04]} 1-0

[Event "Moscow Rapid-ch 2018"]
[Site "Moscow"]
[Date "2018.12.08"]
[Round "4"]
[White "Dvalishvili, Pavel S."]
[Black "Golubov, Saveliy"]
[Result "1/2-1/2"]
[WhiteElo "2396"]
[BlackElo "2482"]
[Annotator "TA"]
[PlyCount "17"]
[EventDate "2018.12.08"]
[EventType "swiss"]
[EventCountry "RUS"]
[SourceTitle "playchess.com"]
[Source "ChessBase"]
[SourceQuality "1"]

{[%evp 15,17,0,20,-184]} 1. e4 c5 2. Nf3 e6 3. c3 Nf6 4. e5 Nd5 5. d4 cxd4 6. cxd4 d6 7. a3 Nc6 8. Bd3 Be7 {LiveBook: 63 Games. B22: Sicilian: 2 c3} 9. Ng1 $146 (9. O-O $11) ({Predecessor:} 9. O-O O-O 10. Qe2 Qc7 11. Re1 Rd8 12. Qe4 g6 13. h4 Bd7 14. h5 f5 15. exf6 Nxf6 16. Qh4 Nxh5 17. Bg5 Bxg5 18. Nxg5 d5 {½-½ (103) Yudin,S (2546)-Le,Q (2712) Dubai 2014}) 1/2-1/2

[Event "Moscow Rapid-ch 2018"]
[Site "Moscow"]
[Date "2018.12.08"]
[Round "4"]
[White "Dragomarezkij, Evgeni"]
[Black "Dudin, Gleb"]
[Result "1/2-1/2"]
[WhiteElo "2385"]
[BlackElo "2303"]
[Annotator "NA"]
[PlyCount "123"]
[EventDate "2018.12.08"]
[EventType "swiss"]
[EventCountry "RUS"]
[SourceTitle "playchess.com"]
[Source "ChessBase"]
[SourceQuality "1"]
[TimeControl "900+10"]

1. c4 {[%emt 0:00:00]} e5 {[%emt 0:00:00]} 2. Nf3 {[%emt 0:00:00]} Nc6 {[%emt 0:00:00]} 3. d4 {[%emt 0:00:00]} exd4 4. Nxd4 {[%emt 0:00:00]} Bb4+ {[%emt 0:00:54]} 5. Bd2 {[%emt 0:00:01]} Bxd2+ 6. Qxd2 {[%emt 0:00:03]} Nf6 {[%emt 0:00:40]} 7. Nc3 {[%emt 0:00:11]} O-O {[%emt 0:00:12]} 8. g3 {[%emt 0:01:11]} Ne5 {[%emt 0:01:24]} 9. b3 {[%emt 0:00:17]} d5 {[%emt 0:00:06]} 10. cxd5 {[%emt 0:00:34]} Nxd5 {[%emt 0:00:11]} 11. Bg2 {[%emt 0:00:07]} Nb4 {[%emt 0:01:10]} 12. Nc2 {[%emt 0:05:34]} Qxd2+ {[%emt 0:03:07]} 13. Kxd2 {[%emt 0:00:02]} Rd8+ {[%emt 0:00:02]} 14. Kc1 {[%emt 0:00:02]} Nxc2 {[%emt 0:00:08]} 15. Kxc2 {[%emt 0:00:02]} Ng4 {[%emt 0:03:02]} 16. Raf1 {[%emt 0:01:20]} c6 {[%emt 0:01:07]} 17. h3 {[%emt 0:00:05]} Nf6 {[%emt 0:00:17]} 18. e4 {[%emt 0:00:13]} Re8 {[%emt 0:00:36]} 19. f4 {[%emt 0:00:26]} Nd7 {[%emt 0:00:19]} 20. Rd1 {[%emt 0:00:39]} f6 {[%emt 0:01:05]} 21. Rd6 {[%emt 0:00:10]} Nb6 {[%emt 0:01:03]} 22. Rhd1 {[%emt 0:00:06]} Be6 {[%emt 0:00:03]} 23. Bf1 {[%emt 0:02:36]} a5 {[%emt 0:00:23]} 24. a4 {[%emt 0:00:43]} Kf8 {[%emt 0:00:33]} 25. Ne2 {[%emt 0:01:39]} Ke7 {[%emt 0:00:34]} 26. R6d2 {[%emt 0:00:02]} Bf7 {[%emt 0:01:15]} 27. Kb2 {[%emt 0:01:09]} Kf8 {[%emt 0:00:16]} 28. Bg2 {[%emt 0:00:08]} Bg6 {[%emt 0:00:56]} 29. Nc3 {[%emt 0:00:58]} Bf7 {[%emt 0:00:08]} 30. h4 {[%emt 0:00:44]} Bh5 {[%emt 0:00:14]} 31. Re1 {[%emt 0:00:12]} Re7 {[%emt 0:00:08]} 32. Rd3 {[%emt 0:00:15]} Nd7 {[%emt 0:00:11]} 33. Bf3 {[%emt 0:00:26]} Nc5 {[%emt 0:00:10]} 34. Rde3 {[%emt 0:00:01]} Bf7 {[%emt 0:00:06]} 35. Bd1 {[%emt 0:00:08]} Rd8 {[%emt 0:00:05]} 36. Bc2 {[%emt 0:00:08]} Rd2 {[%emt 0:00:10]} 37. Nb1 {[%emt 0:00:34]} Rg2 {[%emt 0:00:22]} 38. R1e2 {[%emt 0:00:01]} Rxe2 {[%emt 0:00:10]} 39. Rxe2 {[%emt 0:00:00]} Rd7 {[%emt 0:00:10]} 40. Nc3 {[%emt 0:00:08]} Rd4 {[%emt 0:00:06]} 41. Re3 {[%emt 0:00:31]} Rb4 {[%emt 0:00:08]} 42. Na2 {[%emt 0:00:05]} Rd4 {[%emt 0:00:12]} 43. Kc3 {[%emt 0:00:05]} Rd8 {[%emt 0:00:12]} 44. e5 {[%emt 0:00:05]} fxe5 {[%emt 0:00:04]} 45. Rxe5 {[%emt 0:00:02]} b6 {[%emt 0:00:11]} 46. Nc1 {[%emt 0:00:10]} Nd7 {[%emt 0:00:07]} 47. Re1 {[%emt 0:00:08]} Nf6 {[%emt 0:00:02]} 48. Nd3 {[%emt 0:00:07]} Nd5+ {[%emt 0:00:27]} 49. Kb2 {[%emt 0:00:03]} Nb4 {[%emt 0:00:13]} 50. Nxb4 {[%emt 0:00:02]} axb4 {[%emt 0:00:01]} 51. Kc1 {[%emt 0:00:13]} h6 {[%emt 0:00:18]} 52. Re3 {[%emt 0:00:23]} Rd4 {[%emt 0:00:10]} 53. Re5 {[%emt 0:00:34]} c5 {[%emt 0:00:11]} 54. a5 {[%emt 0:00:05]} bxa5 {[%emt 0:00:02]} 55. Rxc5 {[%emt 0:00:01]} a4 {[%emt 0:00:08]} 56. Rc8+ {[%emt 0:00:11]} Ke7 {[%emt 0:00:03]} 57. Rc7+ {[%emt 0:00:04]} Kf6 {[%emt 0:00:09]} 58. Rc6+ {[%emt 0:00:13]} Ke7 {[%emt 0:00:06]} 59. Rc7+ {[%emt 0:00:09]} Kf6 {[%emt 0:00:15]} 60. bxa4 b3 61. Bb1 Rxa4 62. Rc6+ 1/2-1/2

[Event "Moscow Rapid-ch 2018"]
[Site "Moscow"]
[Date "2018.12.08"]
[Round "4"]
[White "Andreev, Konstantin"]
[Black "Vlasov, Sergey"]
[Result "0-1"]
[WhiteElo "2276"]
[BlackElo "2229"]
[Annotator "NA"]
[PlyCount "66"]
[EventDate "2018.12.08"]
[EventType "swiss"]
[EventCountry "RUS"]
[SourceTitle "playchess.com"]
[Source "ChessBase"]
[SourceQuality "1"]
[TimeControl "900+10"]

1. Nf3 Nf6 2. c4 e6 3. d4 d5 4. Nc3 Nbd7 5. e3 c6 6. Be2 Bd6 7. O-O O-O 8. Qc2 dxc4 9. Bxc4 b5 10. Be2 Bb7 11. Rd1 Qe7 12. b3 Rac8 13. Bb2 a6 14. Rac1 c5 15. Qb1 Rfd8 16. h3 e5 17. dxc5 Nxc5 18. b4 Ncd7 19. a3 e4 20. Nd4 Qe5 21. g3 Bb8 22. Na2 Qg5 23. Kg2 Ne5 24. Rxc8 Rxc8 25. Rc1 Re8 26. Nc3 h5 27. h4 Qg6 28. a4 Nd3 29. Rd1 Nxf2 30. Kxf2 Qxg3+ 31. Kf1 Bc8 32. Bxh5 Bh3+ 33. Ke2 Qg2+ 0-1

[Event "Moscow Rapid-ch 2018"]
[Site "Moscow"]
[Date "2018.12.08"]
[Round "4"]
[White "Gurvich, Vitaly"]
[Black "Lavrov, Maxim"]
[Result "1/2-1/2"]
[WhiteElo "2270"]
[BlackElo "2387"]
[Annotator "NA"]
[PlyCount "112"]
[EventDate "2018.12.08"]
[EventType "swiss"]
[EventCountry "RUS"]
[SourceTitle "playchess.com"]
[Source "ChessBase"]
[SourceQuality "1"]
[TimeControl "900+10"]

1. e4 e5 2. Nf3 Nc6 3. Bb5 a6 4. Bxc6 dxc6 5. O-O f6 6. d4 exd4 7. Nxd4 c5 8. Nb3 Qxd1 9. Rxd1 Bd7 10. Bf4 O-O-O 11. Nc3 Be6 12. Na5 Rxd1+ 13. Rxd1 Ne7 14. Nd5 Nxd5 15. exd5 Bf5 16. Re1 Bg6 17. h3 Bf7 18. c4 g5 19. Bd2 Rg8 20. Bc3 Rg6 21. g4 Bd6 22. Kg2 h5 23. f3 Rh6 24. Re3 Bf8 25. Re4 Bd6 26. Re1 Bf8 27. Re2 Bd6 28. Re4 Bf8 29. Bd2 Bd6 30. Be1 hxg4 31. fxg4 Bg6 32. Re6 Be5 33. Bg3 Bxb2 34. Nb3 Bd4 35. Bf2 Bxf2 36. Kxf2 Rxh3 37. Rxf6 Bb1 38. Nxc5 Rh8 39. Ne6 Bxa2 40. Rf7 Kb8 41. Rxc7 Rc8 42. d6 Rxc7 43. dxc7+ Kc8 44. Ke3 Bxc4 45. Nxg5 Kxc7 46. Kd4 Be2 47. Ne6+ Kd6 48. Nc5 b6 49. Ne4+ Kc6 50. g5 Bh5 51. Nc3 Bf7 52. Ne4 a5 53. Nc3 Bg6 54. Nd5 Bf7 55. Nxb6 Kxb6 56. g6 Bxg6 1/2-1/2